Statistics for Countries Who's Capital Is Not Their Biggest City

Click here to take the quiz!

General Stats

  • This quiz has been taken 104 times
  • The average score is 29 of 38

Answer Stats

Population in Biggest CityCapital CityBiggest CityAnswer% Correct
4,627,345CanberraSydneyAustralia
100%
11,150,249BrasiliaSao PauloBrazil
99%
2,503,281OttawaTorontoCanada
99%
23,210,000BejingShanghaiChina
98%
18,141,288New DelhiMumbaiIndia
98%
1,400,000WellingtonAucklandNew Zealand
96%
3,916,451TaipeiNew TaipeiTaiwan
95%
8,391,881WashingtonNew York CityU.S.A.
95%
70,000BelmopanBelize CityBelize
93%
365,098BernZurichSwitzerland
93%
2,262,000Abu DhabiDubaiU.A.E.
93%
18,000,000IslamabadKarachiPakistan
92%
12,782,960AnkaraIstanbulTurkey
92%
3,888,180PretoriaJohannesburgSouth Africa
91%
4,150,000RabatCasablancaMorocco
86%
10,532San MarinoSerravalleSan Marino
84%
2,301,570DamascusAleppoSyria
84%
7,123,340HanoiHo Chi Minh CityVietnam
84%
15,507MonacovilleMonte CarloMonaco
83%
7,937,932AbujaLagosNigeria
83%
642,163Sri Jayawardenapura KotteColomboSri Lanka
82%
2,600,000QuitoGuayaquilEcuador
79%
2,761,720ManilaQuezon CityPhilippines
77%
1,594,926SucreSant Cruz de la SierraBolivia
67%
2,497,940DodomaDar es SalaamTanzania
66%
1,450,095AstanaAlmatyKazakhstan
65%
21,000ValettaBirkirkaraMalta
65%
5,806VaduzSchaanLiechtenstein
63%
2,395,159KhartoumOmdurmanSudan
63%
4,346,000NaypyidawYangonBurma
60%
2,000,000+YaoundeDoualaCameroon
59%
136,000CetinjePodgoricaMontenegro
57%
67,400Port of SpainChagaunasTrinidad and Tobago
55%
761,100Porto-NovoCotonouBenin
53%
4,348,000YamoussukroAbidijanCote d' Ivoire
51%
646,235LilongweBlantyreMalawi
49%
11,200NgerulmudKororPalau
41%
13,000PalikirWenoMicronesia
36%

Score Distribution

Percentile by Number Answered

Percent of People with Each Score

Your Score History

You have not taken this quiz